[Event "Irish Championship 2008"]
[Site "Dublin IRL"]
[Date "2008.07.05"]
[Round "1"]
[White "Cafolla, Peter"]
[Black "Hebden, Mark"]
[Result "0-1"]
[BlackTitle "GM"]
[WhiteElo "2055"]
[BlackElo "2520"]
[WhiteICU "2004"]
[WhiteClub "Rathmines"]
[WhiteNationality "IRL"]
[BlackNationality "ENG"]
[WhiteFideId "2500884"]
[BlackFideId "400084"]
[WhiteICUId "159"]
[BlackICUId "7292"]
[PlyCount "63"]
[EventDate "2008.07.05"]
[Source "ICU web site; TWIC 714"]

{ Source: Mark Orr, <a href="https://www.icu.ie/articles/188">Irish Chess
Championships 2008</a>, ICU web site; TWIC 714. } { Event information: <a
href="https://www.irlchess.com/irlch2008_allfiles/pairings_irlch2008.html">Tournament
report</a>. }

1. c4 g6 2. Nc3 Bg7 3. g3 Nf6 4. Bg2 O-O 5. e4 c5 6. Nge2 Nc6 7. O-O a6 8.
f4 Rb8 9. a4 d6 10. h3 Ne8 11. d3 Nc7 12. g4 b5 13. axb5 axb5 14. Rb1 bxc4
15. dxc4 Ne6 16. e5 Ned4 17. exd6 Qxd6 18. Ne4 Qc7 19. N2c3 Nb4 20. Kh1 Ba6
21. b3 Rbd8 22. Bd2 f5 23. gxf5 Nxf5 24. Qe1 Bb7 25. Nd5 Nxd5 26. cxd5 Rxd5
27. Ba5 Qd7 28. Qc1 Rd4 29. Nxc5 Bxg2+ 30. Kxg2 Qd5+ 31. Kg1 Ng3 32. Ne6
0-1

[Event "Irish Championship 2008"]
[Site "Dublin IRL"]
[Date "2008.07.05"]
[Round "1"]
[White "Baburin, Alexander"]
[Black "Fox, Anthony"]
[Result "1-0"]
[WhiteTitle "GM"]
[WhiteElo "2526"]
[BlackElo "2068"]
[WhiteICU "2534"]
[BlackICU "2054"]
[WhiteClub "Kilkenny"]
[BlackClub "Dun Laoghaire"]
[WhiteNationality "IRL"]
[WhiteFideId "2500914"]
[BlackFideId "2500736"]
[WhiteICUId "7085"]
[BlackICUId "456"]
[PlyCount "121"]
[EventDate "2008.07.05"]
[Source "ICU web site; TWIC 714"]

{ Source: Mark Orr, <a href="https://www.icu.ie/articles/188">Irish Chess
Championships 2008</a>, ICU web site; TWIC 714. } { Event information: <a
href="https://www.irlchess.com/irlch2008_allfiles/pairings_irlch2008.html">Tournament
report</a>. }

1. d4 d5 2. c4 e6 3. Nc3 Be7 4. Nf3 Nf6 5. Bg5 O-O 6. e3 h6 7. Bxf6 Bxf6 8.
Rc1 c6 9. Bd3 Nd7 10. O-O dxc4 11. Bxc4 e5 12. h3 exd4 13. exd4 Nb6 14. Bb3
Re8 15. Re1 Rxe1+ 16. Qxe1 Bf5 17. Ne4 Bxe4 18. Qxe4 Qd6 19. Ne5 Bxe5 20.
dxe5 Qe7 21. Rd1 Re8 22. f4 Rd8 23. Rxd8+ Qxd8 24. e6 fxe6 25. Qxe6+ Kh8
26. Qf7 Nd5 27. Qxb7 Nxf4 28. Qxc6 Ne2+ 29. Kh1 Ng3+ 30. Kh2 Qb8 31. Bd5
Ne2+ 32. Kh1 Ng3+ 33. Kg1 Ne2+ 34. Kf2 Nf4 35. Qa8 Qxa8 36. Bxa8 Nd3+ 37.
Ke3 Nxb2 38. Kd4 g5 39. Bd5 Na4 40. Bb3 Nb6 41. Kc5 Kg7 42. Kc6 Kf6 43. a4
Ke7 44. a5 Nd7 45. g3 Nf6 46. Kb7 Kd6 47. Kxa7 Kc7 48. g4 h5 49. Bd1 h4 50.
Bf3 Nd7 51. Ka6 Ne5 52. Bg2 Nc4 53. Kb5 Nxa5 54. Kxa5 Kd6 55. Kb5 Ke5 56.
Kc5 Kf4 57. Kd4 Kg3 58. Bf1 Kf2 59. Bb5 Kg3 60. Ke5 Kxh3 61. Kf5 1-0

[Event "Irish Championship 2008"]
[Site "Dublin IRL"]
[Date "2008.07.05"]
[Round "1"]
[White "Griffiths, Ryan-Rhys"]
[Black "Conquest, Stuart"]
[Result "1/2-1/2"]
[BlackTitle "GM"]
[WhiteElo "2069"]
[BlackElo "2536"]
[WhiteICU "2100"]
[WhiteClub "Kilkenny"]
[WhiteNationality "IRL"]
[BlackNationality "ENG"]
[WhiteFideId "2502054"]
[BlackFideId "400181"]
[WhiteICUId "6897"]
[PlyCount "87"]
[EventDate "2008.07.05"]
[Source "ICU web site; TWIC 714"]

{ Source: Mark Orr, <a href="https://www.icu.ie/articles/188">Irish Chess
Championships 2008</a>, ICU web site; TWIC 714. } { Event information: <a
href="https://www.irlchess.com/irlch2008_allfiles/pairings_irlch2008.html">Tournament
report</a>. }

1. e4 c5 2. Na3 g6 3. Nf3 Bg7 4. c3 d6 5. d4 cxd4 6. cxd4 a6 7. h3 Nf6 8.
Bd3 O-O 9. O-O Nc6 10. Nc2 Bd7 11. Be3 Rc8 12. Qd2 Qa5 13. b4 Qa4 14. d5
Ne5 15. Nxe5 dxe5 16. Bc5 Bb5 17. Ne3 Bxd3 18. Qxd3 Rfe8 19. Nc4 Nd7 20.
Nb2 Nxc5 21. bxc5 Qb4 22. Qb3 Qxb3 23. axb3 Rxc5 24. Rfc1 Rec8 25. Rc4 Bh6
26. Raa4 b5 27. Rxc5 Rxc5 28. Rxa6 Rc1+ 29. Kh2 Rc3 30. b4 Bf4+ 31. g3
Bxg3+ 32. Kg2 Bf4 33. d6 exd6 34. Rxd6 Kg7 35. Rd5 Rc2 36. Nd3 Rc4 37. Kf3
Rc3 38. Ke2 Rc2+ 39. Kd1 Rc4 40. f3 Bg3 41. Rxb5 f5 42. exf5 gxf5 43. Nxe5
Bxe5 44. Rxe5 1/2-1/2

[Event "Irish Championship 2008"]
[Site "Dublin IRL"]
[Date "2008.07.05"]
[Round "1"]
[White "Orr, Mark J. L."]
[Black "Ui Laighleis, Gearoidin"]
[Result "1-0"]
[WhiteTitle "IM"]
[WhiteElo "2258"]
[BlackElo "1985"]
[WhiteICU "2199"]
[BlackICU "1581"]
[WhiteClub "Wandering Dragons SCO"]
[BlackClub "Aer Lingus"]
[WhiteNationality "IRL"]
[BlackNationality "IRL"]
[WhiteFideId "2500035"]
[BlackFideId "2501171"]
[WhiteICUId "1350"]
[BlackICUId "3364"]
[PlyCount "59"]
[EventDate "2008.07.05"]
[Source "ICU web site; TWIC 714"]
[BlackFullName "U&iacute; Laighl&eacute;is, Gear&oacute;id&iacute;n"]

{ Source: Mark Orr, <a href="https://www.icu.ie/articles/188">Irish Chess
Championships 2008</a>, ICU web site; TWIC 714. } { Event information: <a
href="https://www.irlchess.com/irlch2008_allfiles/pairings_irlch2008.html">Tournament
report</a>. }

1. d4 d5 2. c4 e6 3. Nc3 Nf6 4. Bg5 Be7 5. Nf3 O-O 6. e3 c6 7. Qc2 Nbd7 8.
O-O-O Re8 9. h4 dxc4 10. Bxc4 Nd5 11. e4 Nxc3 12. Qxc3 a5 13. Kb1 a4 14.
Bd3 Qa5 15. Rc1 a3 16. b3 Qxc3 17. Rxc3 Bf8 18. Be3 h6 19. Nd2 Nf6 20. f3
Rd8 21. Be2 Bd7 22. g4 Nh7 23. Nf1 Be7 24. Ng3 Be8 25. f4 f6 26. Rc2 Ra5
27. Bc4 Bf7 28. g5 fxg5 29. hxg5 hxg5 30. Rch2 1-0

[Event "Irish Championship 2008"]
[Site "Dublin IRL"]
[Date "2008.07.05"]
[Round "1"]
[White "Carosso, Andrea"]
[Black "Daly, Colm"]
[Result "0-1"]
[BlackTitle "FM"]
[WhiteElo "2046"]
[BlackElo "2311"]
[BlackICU "2277"]
[WhiteNationality "ITA"]
[BlackNationality "IRL"]
[WhiteFideId "814288"]
[BlackFideId "2500434"]
[BlackICUId "295"]
[PlyCount "54"]
[EventDate "2008.07.05"]
[Source "ICU web site; TWIC 714"]

{ Source: Mark Orr, <a href="https://www.icu.ie/articles/188">Irish Chess
Championships 2008</a>, ICU web site; TWIC 714. } { Event information: <a
href="https://www.irlchess.com/irlch2008_allfiles/pairings_irlch2008.html">Tournament
report</a>. }

1. d4 Nf6 2. c4 g6 3. Nc3 Bg7 4. e4 d6 5. f3 c6 6. Nge2 a6 7. a4 a5 8. Be3
e5 9. dxe5 dxe5 10. Qxd8+ Kxd8 11. Rd1+ Nfd7 12. Nc1 Kc7 13. Nb3 Re8 14. c5
Nf8 15. Bc4 Be6 16. Nd2 Na6 17. Bxa6 bxa6 18. b3 Rab8 19. Rb1 Nd7 20. Ke2
Bf8 21. Nc4 Bxc4+ 22. bxc4 Bxc5 23. Rxb8 Rxb8 24. Rb1 Rb4 25. Rxb4 axb4 26.
Bxc5 Nxc5 27. Na2 a5 0-1

[Event "Irish Championship 2008"]
[Site "Dublin IRL"]
[Date "2008.07.05"]
[Round "1"]
[White "Fitzsimons, David"]
[Black "Healy, John"]
[Result "1-0"]
[WhiteElo "2133"]
[BlackElo "1864"]
[WhiteICU "2118"]
[BlackICU "1777"]
[WhiteClub "Elm Mount"]
[BlackClub "St. Benildus"]
[WhiteNationality "IRL"]
[BlackNationality "IRL"]
[WhiteFideId "2501961"]
[BlackFideId "2500965"]
[WhiteICUId "6236"]
[BlackICUId "4563"]
[PlyCount "87"]
[EventDate "2008.07.05"]
[Source "ICU web site; TWIC 714"]

{ Source: Mark Orr, <a href="https://www.icu.ie/articles/188">Irish Chess
Championships 2008</a>, ICU web site; TWIC 714. } { Event information: <a
href="https://www.irlchess.com/irlch2008_allfiles/pairings_irlch2008.html">Tournament
report</a>. }

1. e4 a6 2. d4 b5 3. Bd3 e6 4. Nf3 Bb7 5. O-O Nf6 6. Nbd2 Be7 7. Qe2 d6 8.
c3 Nbd7 9. a4 c6 10. Rd1 Qc7 11. Nb3 Rb8 12. Bg5 e5 13. axb5 axb5 14. Rdc1
O-O 15. dxe5 Nxe5 16. c4 Nxd3 17. Qxd3 bxc4 18. Qxc4 h6 19. Bf4 Ra8 20. e5
Rxa1 21. Rxa1 Nd5 22. exd6 Bxd6 23. Bxd6 Qxd6 24. Qc5 Qxc5 25. Nxc5 Ra8 26.
Rxa8+ Bxa8 27. Ne5 Nb4 28. Kf1 f6 29. Nc4 Nd5 30. Ke2 Kf8 31. Kd3 Ke7 32.
Ke4 g6 33. h4 Kd8 34. g4 Kc8 35. h5 f5+ 36. Ke5 gxh5 37. gxh5 Kb8 38. Kxf5
Bb7 39. Nxb7 Kxb7 40. Kg6 Nf4+ 41. Kxh6 Ka6 42. Kg5 Nxh5 43. Kxh5 Kb5 44.
Nd2 1-0

[Event "Irish Championship 2008"]
[Site "Dublin IRL"]
[Date "2008.07.05"]
[Round "1"]
[White "Short, Stephen"]
[Black "Jessel, Stephen"]
[Result "0-1"]
[BlackTitle "FM"]
[WhiteElo "2033"]
[BlackElo "2294"]
[WhiteICU "1871"]
[BlackICU "2239"]
[WhiteClub "Cork"]
[BlackClub "Phibsboro"]
[WhiteNationality "IRL"]
[BlackNationality "IRL"]
[WhiteFideId "2500108"]
[BlackFideId "628859"]
[WhiteICUId "1497"]
[BlackICUId "4790"]
[PlyCount "58"]
[EventDate "2008.07.05"]
[Source "ICU web site; TWIC 714"]

{ Source: Mark Orr, <a href="https://www.icu.ie/articles/188">Irish Chess
Championships 2008</a>, ICU web site; TWIC 714. } { Event information: <a
href="https://www.irlchess.com/irlch2008_allfiles/pairings_irlch2008.html">Tournament
report</a>. }

1. e4 e6 2. d4 d5 3. Nc3 Nf6 4. e5 Nfd7 5. Nce2 c5 6. c3 cxd4 7. cxd4 f6 8.
f4 fxe5 9. fxe5 Bb4+ 10. Bd2 Qh4+ 11. Ng3 Qxd4 12. Nf3 Qxb2 13. Rc1 Bxd2+
14. Qxd2 Qxd2+ 15. Kxd2 O-O 16. Bb5 a6 17. Ba4 Nb6 18. Bb3 Nc6 19. Rc3 Bd7
20. Rb1 Rac8 21. Re3 Na5 22. Ke1 Rc7 23. Bd1 Nbc4 24. Re2 Nc6 25. a4 Be8
26. Rc1 h6 27. Bb3 Bg6 28. Bc2 Bxc2 29. Rcxc2 Rxf3 0-1

[Event "Irish Championship 2008"]
[Site "Dublin IRL"]
[Date "2008.07.05"]
[Round "1"]
[White "Weeks, Manuel"]
[Black "Boyle, Bernard"]
[Result "1-0"]
[WhiteTitle "FM"]
[WhiteElo "2174"]
[BlackElo "1945"]
[BlackICU "1798"]
[WhiteClub "Dun Laoghaire"]
[BlackClub "Elm Mount"]
[WhiteNationality "AUS"]
[BlackNationality "IRL"]
[WhiteFideId "3202500"]
[BlackFideId "2501830"]
[BlackICUId "3172"]
[PlyCount "115"]
[EventDate "2008.07.05"]
[Source "ICU web site; TWIC 714"]

{ Source: Mark Orr, <a href="https://www.icu.ie/articles/188">Irish Chess
Championships 2008</a>, ICU web site; TWIC 714. } { Event information: <a
href="https://www.irlchess.com/irlch2008_allfiles/pairings_irlch2008.html">Tournament
report</a>. }

1. d4 e6 2. Nf3 f5 3. g3 b6 4. Bg2 Bb7 5. O-O Nf6 6. c4 Bd6 7. Nc3 O-O 8.
d5 Na6 9. Nd4 Be5 10. f4 Bxd4+ 11. Qxd4 exd5 12. cxd5 Qe8 13. b4 c5 14.
dxc6 dxc6 15. e4 fxe4 16. Nxe4 Rd8 17. Qc4+ Kh8 18. Ng5 Nc7 19. Qc2 Ncd5
20. Qb3 Ba6 21. Rd1 Ng4 22. Bb2 Qe2 23. Bd4 Nge3 24. Bxe3 Bc4 25. Re1 Qxe1+
26. Rxe1 Bxb3 27. axb3 Nxe3 28. Rxe3 h6 29. Nf3 c5 30. bxc5 bxc5 31. Kf2 g5
32. fxg5 hxg5 33. Ke2 g4 34. Ne5 Rf6 35. Nxg4 Rfd6 36. Bb7 Rd4 37. h3 Rb4
38. Ba6 Rdb8 39. Bc4 a5 40. Re7 a4 41. Nf6 R8b7 42. Rxb7 Rxb7 43. bxa4 Rb4
44. Bb5 Kg7 45. Nd5 Rb2+ 46. Kf3 Ra2 47. Ne3 Ra3 48. Kf4 Kf6 49. g4 Kg6 50.
h4 Kh6 51. Be8 Ra1 52. g5+ Kg7 53. h5 Rc1 54. h6+ Kh7 55. Bb5 Kg6 56. Bd3+
Kf7 57. g6+ Kf8 58. g7+ 1-0

[Event "Irish Championship 2008"]
[Site "Dublin IRL"]
[Date "2008.07.05"]
[Round "1"]
[White "Greenfeld, Alon"]
[Black "Lyons, Brendan"]
[Result "1-0"]
[WhiteTitle "GM"]
[WhiteElo "2545"]
[BlackElo "2088"]
[BlackICU "1868"]
[BlackClub "St. Benildus"]
[WhiteNationality "ISR"]
[BlackNationality "IRL"]
[WhiteFideId "2800039"]
[BlackFideId "2500698"]
[BlackICUId "817"]
[PlyCount "47"]
[EventDate "2008.07.05"]
[Source "ICU web site; TWIC 714"]

{ Source: Mark Orr, <a href="https://www.icu.ie/articles/188">Irish Chess
Championships 2008</a>, ICU web site; TWIC 714. } { Event information: <a
href="https://www.irlchess.com/irlch2008_allfiles/pairings_irlch2008.html">Tournament
report</a>. }

1. Nf3 Nf6 2. c4 g6 3. g3 Bg7 4. Bg2 d5 5. cxd5 Nxd5 6. O-O c6 7. d4 Bf5 8.
Re1 Bxb1 9. Rxb1 Qb6 10. Bg5 h6 11. Bd2 Bxd4 12. Nxd4 Qxd4 13. e3 Qd3 14.
Qc1 Nd7 15. b4 Ne5 16. b5 cxb5 17. Qb2 f6 18. f4 Nc6 19. Bf1 Qe4 20. Qxb5
O-O 21. Bg2 Nc7 22. Bxe4 Nxb5 23. Rxb5 Rfd8 24. Bc3 1-0

[Event "Irish Championship 2008"]
[Site "Dublin IRL"]
[Date "2008.07.05"]
[Round "1"]
[White "Short, Philip"]
[Black "McCarthy, Tim"]
[Result "1-0"]
[WhiteTitle "FM"]
[WhiteElo "2300"]
[BlackElo "2020"]
[WhiteICU "2271"]
[BlackICU "1865"]
[BlackClub "St. Benildus"]
[WhiteNationality "IRL"]
[BlackNationality "IRL"]
[WhiteFideId "2500086"]
[BlackFideId "2500710"]
[WhiteICUId "1557"]
[BlackICUId "1032"]
[PlyCount "91"]
[EventDate "2008.07.05"]
[Source "ICU web site; TWIC 714"]

{ Source: Mark Orr, <a href="https://www.icu.ie/articles/188">Irish Chess
Championships 2008</a>, ICU web site; TWIC 714. } { Event information: <a
href="https://www.irlchess.com/irlch2008_allfiles/pairings_irlch2008.html">Tournament
report</a>. }

1. d4 Nf6 2. Nf3 g6 3. c4 Bg7 4. g3 O-O 5. Bg2 c5 6. d5 e6 7. Nc3 exd5 8.
cxd5 d6 9. O-O Na6 10. e4 Re8 11. Re1 Bg4 12. h3 Bxf3 13. Bxf3 Nd7 14. Bg2
c4 15. Bf1 Rc8 16. Be3 Nac5 17. Bxc4 Bxc3 18. bxc3 Nxe4 19. Bf1 Nxc3 20.
Qb3 Ne5 21. Rec1 Qf6 22. Qxb7 Rb8 23. Qa6 Nxd5 24. Bxa7 Ra8 25. Qb7 Nb4 26.
Qxb4 Rxa7 27. a4 h5 28. Rd1 Rd8 29. Bg2 d5 30. Qf4 Qe6 31. Qd4 Nc6 32. Qc3
Ra6 33. a5 d4 34. Qd2 Ne5 35. Qe1 Qf5 36. Qe4 Qf6 37. Ra4 d3 38. Qf4 Qe6
39. Qb4 Nc6 40. Qc3 Qe2 41. Rd2 Qe1+ 42. Kh2 Qe6 43. Rxd3 Rxd3 44. Qxd3 Ne5
45. Qb5 Kg7 46. Re4 1-0

[Event "Irish Championship 2008"]
[Site "Dublin IRL"]
[Date "2008.07.05"]
[Round "1"]
[White "Benson, Oisin P."]
[Black "O'Connell, Gerard"]
[Result "0-1"]
[WhiteElo "1852"]
[BlackElo "2122"]
[WhiteICU "1785"]
[BlackICU "2105"]
[WhiteClub "St. Benildus"]
[BlackClub "St. Benildus"]
[WhiteNationality "IRL"]
[BlackNationality "IRL"]
[WhiteFideId "2501821"]
[BlackFideId "2500493"]
[WhiteICUId "5884"]
[BlackICUId "1231"]
[PlyCount "102"]
[EventDate "2008.07.05"]
[Source "ICU web site; TWIC 714"]
[WhiteFullName "Benson, Ois&iacute;n P."]

{ Source: Mark Orr, <a href="https://www.icu.ie/articles/188">Irish Chess
Championships 2008</a>, ICU web site; TWIC 714. } { Event information: <a
href="https://www.irlchess.com/irlch2008_allfiles/pairings_irlch2008.html">Tournament
report</a>. }

1. d4 Nf6 2. Nf3 d5 3. e3 e6 4. Bd3 c5 5. b3 Nc6 6. Nbd2 cxd4 7. exd4 Bb4
8. Bb2 Qa5 9. a3 Bd6 10. O-O Qc7 11. Qe2 O-O 12. Ne5 Ne7 13. f4 b6 14. Rf3
Bb7 15. Rh3 g6 16. Qe1 Nf5 17. Ndf3 h5 18. Ng5 Rae8 19. Qe2 Kg7 20. Bb5 Re7
21. Bd3 Bxe5 22. fxe5 Ng4 23. Rf3 f6 24. exf6+ Kxf6 25. g3 Kxg5 26. h3 Kf6
27. hxg4 hxg4 28. Rf4 Rh7 29. Re1 Re8 30. Qxg4 Reh8 31. Kg2 Rh2+ 32. Kf3
Rxc2 33. Bxc2 Qxc2 34. Bc1 Rh2 35. Rxf5+ Qxf5+ 36. Qxf5+ gxf5 37. Bf4 Rb2
38. Re3 Ba6 39. Bb8 Bf1 40. Rc3 a5 41. Bc7 a4 42. bxa4 Bc4 43. Be5+ Ke7 44.
g4 fxg4+ 45. Kxg4 Kd7 46. Kg5 Rf2 47. Bf4 Kc6 48. Kg4 Kb7 49. Bd6 Ka6 50.
Kg5 Rf5+ 51. Kg4 Ka5 0-1

[Event "Irish Championship 2008"]
[Site "Dublin IRL"]
[Date "2008.07.06"]
[Round "2"]
[White "Jessel, Stephen"]
[Black "Greenfeld, Alon"]
[Result "0-1"]
[WhiteTitle "FM"]
[BlackTitle "GM"]
[WhiteElo "2294"]
[BlackElo "2545"]
[WhiteICU "2239"]
[WhiteClub "Phibsboro"]
[WhiteNationality "IRL"]
[BlackNationality "ISR"]
[WhiteFideId "628859"]
[BlackFideId "2800039"]
[WhiteICUId "4790"]
[PlyCount "76"]
[EventDate "2008.07.05"]
[Source "ICU web site; TWIC 714"]

{ Source: Mark Orr, <a href="https://www.icu.ie/articles/188">Irish Chess
Championships 2008</a>, ICU web site; TWIC 714. } { Event information: <a
href="https://www.irlchess.com/irlch2008_allfiles/pairings_irlch2008.html">Tournament
report</a>. }

1. e4 c5 2. Nf3 d6 3. d4 cxd4 4. Nxd4 Nf6 5. Nc3 Nc6 6. Be2 e5 7. Nf3 h6 8.
O-O Be7 9. Re1 O-O 10. h3 a6 11. b3 b5 12. Bf1 Bb7 13. a3 Rc8 14. Bb2 Nb8
15. Bd3 Nbd7 16. Nh2 Rc7 17. Ng4 Qa8 18. Ne3 Rfc8 19. Ncd5 Nxd5 20. exd5
Re8 21. a4 b4 22. a5 Nf6 23. Bc4 Rc5 24. c3 bxc3 25. Bxc3 Nxd5 26. Nxd5
Bxd5 27. Bb4 Bxc4 28. Bxc5 Bd5 29. Bb6 Bxg2 30. Re3 Bg5 31. Rg3 Be4 32. Be3
Bh4 33. Rg4 Bf3 34. Qxd6 Bxg4 35. hxg4 Qf3 36. Qxa6 Qxg4+ 37. Kf1 Qf3 38.
Ke1 Qxe3+ 0-1

[Event "Irish Championship 2008"]
[Site "Dublin IRL"]
[Date "2008.07.06"]
[Round "2"]
[White "Ui Laighleis, Gearoidin"]
[Black "Loughran, John"]
[Result "0-1"]
[WhiteElo "1985"]
[BlackElo "1805"]
[WhiteICU "1581"]
[BlackICU "1654"]
[WhiteClub "Aer Lingus"]
[BlackClub "Elm Mount"]
[WhiteNationality "IRL"]
[BlackNationality "IRL"]
[WhiteFideId "2501171"]
[BlackFideId "2501562"]
[WhiteICUId "3364"]
[BlackICUId "795"]
[PlyCount "126"]
[EventDate "2008.07.05"]
[Source "ICU web site; TWIC 714"]
[WhiteFullName "U&iacute; Laighl&eacute;is, Gear&oacute;id&iacute;n"]

{ Source: Mark Orr, <a href="https://www.icu.ie/articles/188">Irish Chess
Championships 2008</a>, ICU web site; TWIC 714. } { Event information: <a
href="https://www.irlchess.com/irlch2008_allfiles/pairings_irlch2008.html">Tournament
report</a>. }

1. d4 d5 2. Nf3 Bf5 3. c4 e6 4. Nc3 c6 5. Bg5 Nf6 6. e3 Nbd7 7. Be2 h6 8.
Bh4 Be7 9. O-O O-O 10. Qb3 Qb6 11. Ne5 Rfe8 12. Nxd7 Nxd7 13. Bxe7 Rxe7 14.
Qa3 Ree8 15. b3 Nf6 16. Na4 Qd8 17. Nc5 Qe7 18. Qc1 e5 19. dxe5 Qxe5 20.
Nd3 Bxd3 21. Bxd3 Ng4 22. g3 Qh5 23. h4 g5 24. Kg2 Ne5 25. Qd1 Qxd1 26.
Raxd1 Rad8 27. cxd5 Rxd5 28. Bb1 Red8 29. Rxd5 Rxd5 30. hxg5 hxg5 31. Rh1
Kg7 32. Rh7+ Kf6 33. Rh6+ Kg7 34. Rh7+ Kf6 35. Rh6+ Ke7 36. Rh1 Rd2 37. Rf1
Ng4 38. Kg1 Ke6 39. e4 a6 40. a3 c5 41. Rc1 b6 42. Rf1 b5 43. f4 Ne3 44.
f5+ Ke5 45. Rc1 c4 46. bxc4 bxc4 47. Kh1 c3 48. Rxc3 Rd1+ 49. Kh2 Nf1+ 50.
Kh3 Rxb1 51. Kg4 f6 52. Rc5+ Kxe4 53. Rc4+ Kd5 54. Rc3 Rb6 55. Kh5 Kd4 56.
Rf3 Ne3 57. Kg6 Nd5 58. Rf1 Rb3 59. Rd1+ Rd3 60. Re1 Rxg3 61. Rd1+ Rd3 62.
Ra1 Ke5 63. Re1+ Re3 0-1

[Event "Irish Championship 2008"]
[Site "Dublin IRL"]
[Date "2008.07.06"]
[Round "2"]
[White "Hebden, Mark"]
[Black "Orr, Mark J. L."]
[Result "1-0"]
[WhiteTitle "GM"]
[BlackTitle "IM"]
[WhiteElo "2520"]
[BlackElo "2258"]
[BlackICU "2199"]
[BlackClub "Wandering Dragons SCO"]
[WhiteNationality "ENG"]
[BlackNationality "IRL"]
[WhiteFideId "400084"]
[BlackFideId "2500035"]
[WhiteICUId "7292"]
[BlackICUId "1350"]
[PlyCount "117"]
[EventDate "2008.07.05"]
[Source "ICU web site; TWIC 714"]

{ Source: Mark Orr, <a href="https://www.icu.ie/articles/188">Irish Chess
Championships 2008</a>, ICU web site; TWIC 714. } { Event information: <a
href="https://www.irlchess.com/irlch2008_allfiles/pairings_irlch2008.html">Tournament
report</a>. }

1. d4 Nf6 2. Nf3 e6 3. c4 c5 4. e3 d5 5. cxd5 exd5 6. Bb5+ Bd7 7. Bxd7+
Nbxd7 8. dxc5 Nxc5 9. O-O Be7 10. Bd2 O-O 11. Bc3 Nfe4 12. Bd4 Ne6 13. Qb3
Nxd4 14. Nxd4 Nc5 15. Qb5 a6 16. Qe2 Ne6 17. Rd1 Nxd4 18. Rxd4 Bf6 19. Rd3
Rc8 20. Nc3 Bxc3 21. bxc3 Rc5 22. Qd2 Qc7 23. g3 g6 24. Rb1 b5 25. h4 h5
26. Rb4 Rc8 27. a4 bxa4 28. Rxa4 Rxc3 29. Rxd5 Rc1+ 30. Kg2 Rc2 31. Qd4 Qc6
32. e4 Rd2 33. Qxd2 Qxa4 34. Rd4 Qc6 35. Kh2 Re8 36. Qd3 Qb5 37. Rc4 Qb2
38. Kg2 Qb7 39. Qd5 Qxd5 40. exd5 Rd8 41. Rc5 Kg7 42. Kf3 Kf6 43. Ke4 Ke7
44. Ke5 f6+ 45. Kd4 g5 46. f4 gxh4 47. gxh4 Rg8 48. Rc7+ Kd6 49. Rc6+ Ke7
50. Re6+ Kf7 51. Rxa6 Rg4 52. Ke4 Rxh4 53. Kf5 Rh2 54. Ra7+ Ke8 55. Rh7 h4
56. Ke6 Re2+ 57. Kxf6 Rd2 58. Rxh4 Rxd5 59. Ke6 1-0

[Event "Irish Championship 2008"]
[Site "Dublin IRL"]
[Date "2008.07.06"]
[Round "2"]
[White "Butnorius, Algimantas"]
[Black "Weeks, Manuel"]
[Result "1/2-1/2"]
[WhiteTitle "GM"]
[BlackTitle "FM"]
[WhiteElo "2442"]
[BlackElo "2174"]
[BlackClub "Dun Laoghaire"]
[WhiteNationality "LTU"]
[BlackNationality "AUS"]
[WhiteFideId "12800066"]
[BlackFideId "3202500"]
[PlyCount "56"]
[EventDate "2008.07.05"]
[Source "ICU web site; TWIC 714"]

{ Source: Mark Orr, <a href="https://www.icu.ie/articles/188">Irish Chess
Championships 2008</a>, ICU web site; TWIC 714. } { Event information: <a
href="https://www.irlchess.com/irlch2008_allfiles/pairings_irlch2008.html">Tournament
report</a>. }

1. d4 Nf6 2. Nf3 g6 3. c4 Bg7 4. Nc3 d5 5. cxd5 Nxd5 6. Bd2 O-O 7. Rc1 Nb6
8. Bg5 h6 9. Bh4 g5 10. Bg3 c5 11. dxc5 Bxc3+ 12. Rxc3 Qxd1+ 13. Kxd1 Na4
14. Rc2 Bf5 15. Rd2 Nc6 16. Ne5 Nxe5 17. Bxe5 Nxc5 18. f3 Rfd8 19. e4 Be6
20. Bd4 Rac8 21. b4 Na4 22. h4 g4 23. h5 Bxa2 24. Be3 Nb2+ 25. Ke2 Bc4+ 26.
Ke1 Rxd2 27. Bxd2 Nd3+ 28. Bxd3 Bxd3 1/2-1/2